Vainqueurs du Grand Prix de Belgique de Formule 1 - Statistiques

Statistiques générales
  • Ce quiz a été pris 984 fois
    703 depuis la dernière actualisation
  • Le résultat moyen est 46 sur 67
Statistiques - réponses
Année Circuit Vainqueur Ecurie % Correct
2010 Spa-Francorchamps Lewis Hamilton McLaren-Mercedes
99%
2015 Spa-Francorchamps Lewis Hamilton Mercedes
99%
2017 Spa-Francorchamps Lewis Hamilton Mercedes
99%
2020 Spa-Francorchamps Lewis Hamilton Mercedes
99%
2021 Spa-Francorchamps Max Verstappen Red Bull-Honda
98%
2022 Spa-Francorchamps Max Verstappen Red Bull
98%
1992 Spa-Francorchamps Michael Schumacher Benetton-Ford
96%
1995 Spa-Francorchamps Michael Schumacher Benetton-Renault
96%
1996 Spa-Francorchamps Michael Schumacher Ferrari
96%
1997 Spa-Francorchamps Michael Schumacher Ferrari
96%
2001 Spa-Francorchamps Michael Schumacher Ferrari
96%
2002 Spa-Francorchamps Michael Schumacher Ferrari
96%
2011 Spa-Francorchamps Sebastian Vettel Red Bull-Renault
96%
2013 Spa-Francorchamps Sebastian Vettel Red Bull-Renault
96%
2018 Spa-Francorchamps Sebastian Vettel Ferrari
96%
2019 Spa-Francorchamps Charles Leclerc Ferrari
95%
2016 Spa-Francorchamps Nico Rosberg Mercedes
91%
1985 Spa-Francorchamps Ayrton Senna Lotus-Renault
90%
1988 Spa-Francorchamps Ayrton Senna McLaren-Honda
90%
1989 Spa-Francorchamps Ayrton Senna McLaren-Honda
90%
1990 Spa-Francorchamps Ayrton Senna McLaren-Honda
90%
1991 Spa-Francorchamps Ayrton Senna McLaren-Honda
90%
1983 Spa-Francorchamps Alain Prost Renault
89%
1987 Spa-Francorchamps Alain Prost McLaren-TAG Porsche
89%
2014 Spa-Francorchamps Daniel Ricciardo Red Bull-Renault
82%
2004 Spa-Francorchamps Kimi Räikkönen McLaren-Mercedes
82%
2005 Spa-Francorchamps Kimi Räikkönen McLaren-Mercedes
82%
2007 Spa-Francorchamps Kimi Räikkönen Ferrari
82%
2009 Spa-Francorchamps Kimi Räikkönen Ferrari
82%
1950 Spa-Francorchamps Juan Manuel Fangio Alfa Romeo
78%
1954 Spa-Francorchamps Juan Manuel Fangio Maserati
78%
1955 Spa-Francorchamps Juan Manuel Fangio Mercedes
78%
2008 Spa-Francorchamps Felipe Massa Ferrari
77%
2012 Spa-Francorchamps Jenson Button McLaren-Mercedes
77%
2000 Spa-Francorchamps Mika Häkkinen McLaren-Mercedes
75%
1993 Spa-Francorchamps Damon Hill Williams-Renault
74%
1994 Spa-Francorchamps Damon Hill Williams-Renault
74%
1998 Spa-Francorchamps Damon Hill Jordan-Mugen-Honda
74%
1961 Spa-Francorchamps Phil Hill Ferrari
74%
1975 Zolder Niki Lauda Ferrari
73%
1976 Zolder Niki Lauda Ferrari
73%
1952 Spa-Francorchamps Alberto Ascari Ferrari
66%
1953 Spa-Francorchamps Alberto Ascari Ferrari
66%
1951 Spa-Francorchamps Giuseppe Farina Alfa Romeo
57%
1986 Spa-Francorchamps Nigel Mansell Williams-Honda
57%
1999 Spa-Francorchamps David Coulthard McLaren-Mercedes
54%
1973 Zolder Jackie Stewart Tyrrell-Ford
54%
1972 Nivelles Emerson Fittipaldi Lotus-Ford
51%
1974 Nivelles Emerson Fittipaldi McLaren-Ford
51%
1962 Spa-Francorchamps Jim Clark Lotus-Climax
50%
1963 Spa-Francorchamps Jim Clark Lotus-Climax
50%
1964 Spa-Francorchamps Jim Clark Lotus-Climax
50%
1965 Spa-Francorchamps Jim Clark Lotus-Climax
50%
1960 Spa-Francorchamps Jack Brabham Cooper-Climax
47%
1979 Zolder Jody Scheckter Ferrari
42%
1978 Zolder Mario Andretti Lotus-Ford
41%
1966 Spa-Francorchamps John Surtees Ferrari
34%
1968 Spa-Francorchamps Bruce McLaren McLaren-Ford
33%
1980 Zolder Didier Pironi Ligier-Ford
24%
1981 Zolder Carlos Reutemann Williams-Ford
23%
1984 Zolder Michele Alboreto Ferrari
19%
1958 Spa-Francorchamps Tony Brooks Vanwall
18%
1982 Zolder John Watson McLaren-Ford
14%
1956 Spa-Francorchamps Peter Collins Ferrari
11%
1967 Spa-Francorchamps Dan Gurney Eagle-Weslake
7%
1970 Spa-Francorchamps Pedro Rodriguez BRM
6%
1977 Zolder Gunnar Nilsson Lotus-Ford
5%
Aucun quiz correspondant
Distribution des résultats
% des personnes avec chaque résultat
Percentile par nombre de réponses
Votre historique - résultats
Vous n’avez pas pris ce quiz depuis la dernière actualisation